Taller para latinoamérica y el caribe sobre evaluación ambiental estratégica (Registro nro. 20820)

Detalles MARC
000 -CABECERA
Campo de control 00915nam a22002417a 4500
005 - FECHA Y HORA DE LA ULTIMA TRANSACCION
Campo de control 20200207112646.0
008 - ELEMENTOS DE LONGITUD FIJA—INFORMACION GENERAL
Campo de control 200207b xxu||||| |||| 00| 0 spa d
040 ## - FUENTE DE CATALOGACIÓN
Agencia catalogadora original CO-BoIAVH
Agencia transcriptora CO-BoIAVH
041 ## - IDIOMA
Código de idioma para texto/pista de sonido o título separado Español
041 ## - IDIOMA
Código de idioma para texto/pista de sonido o título separado Inglés
044 ## - PAÍS DE PUBLICACIÓN
País de publicación Colombia
082 ## - NUMERO DE CLASIFICACION DECIMAL DEWEY
Número de clasificación 333.71408
Número del ítem P74t
110 ## - ASIENTO PRINCIPAL--NOMBRE CORPORATIVO
9 (RLIN) 101740
Nombre corporativo o de jurisdicción como elemento de entrada Programa de las naciones unidas para el medio ambiente(PNUMA)
245 ## - MENCION DE TITULO
Título Taller para latinoamérica y el caribe sobre evaluación ambiental estratégica
Parte restante del título "Latin american and the caribbean workshop on strategic enviromental assessment"
260 ## - PUBLICACION, DISTRIBUCION, ETC. (PIE DE IMPRENTA)
Lugar de publicación, distribución, etc. Cartagena de Indias:
Nombre del editor, distribuidor, etc. PNUMA,
Fecha de publicación, distribución, etc. 2003.
300 ## - DESCRIPCION FISICA
Extensión 68 Páginas:
Otros detalles físicos tablas,
Dimensiones 29 x 23 cm.
546 ## - NOTA DE IDIOMA
Nota de idioma Incluye versión en idioma español e inglés.
650 #0 - ASIENTO SECUNDARIO DE MATERIA - TERMINO TEMATICO
9 (RLIN) 45179
Término temático o nombre geográfico como elemento de entrada Evaluación ambiental
650 #0 - ASIENTO SECUNDARIO DE MATERIA - TERMINO TEMATICO
9 (RLIN) 20821
Término temático o nombre geográfico como elemento de entrada Estrategias ambientales
650 #0 - ASIENTO SECUNDARIO DE MATERIA - TERMINO TEMATICO
9 (RLIN) 57908
Término temático o nombre geográfico como elemento de entrada Impactos ambientales
Subdivisión cronológica Colombia
650 #0 - ASIENTO SECUNDARIO DE MATERIA - TERMINO TEMATICO
9 (RLIN) 772
Término temático o nombre geográfico como elemento de entrada Desarrollo sostenible
942 ## - ELEMENTOS ADICIONALES (KOHA)
Sistema de clasificación Dewey Decimal Classification
Tipo de ítem Libro
Existencias
Withdrawn status Lost status Sistema de Clasificación Damaged status No para préstamo Colección Ubicación Permanente Ubicación actual Fecha de adquisición Total Checkouts Número topográfico Inventario / Código de Barras Date last seen Ejemplar Price effective from Forma de adquisición Tipo de material
    Dewey Decimal Classification     General Bogotá Bogotá 07/02/2020   LB-333.71408 P74t 044174 07/02/2020 Ej. 1 07/02/2020 Donación Libro